|
|
|
|
| LEADER |
01480nam a22003137a 4500 |
| 001 |
33153 |
| 003 |
BD-DhAAL |
| 005 |
20180528110828.0 |
| 008 |
180528t2010 bg a|||| |||| 00| 0 eng d |
| 999 |
|
|
|c 39443
|d 39443
|
| 020 |
|
|
|a 9789843321329
|
| 040 |
|
|
|a BD-DhAAL
|
| 082 |
|
|
|a 720.95
|2 23
|
| 245 |
|
|
|a Arcasia heritage,
|b volume two /
|c edited by Abu Sayeed M. Ahmed
|
| 260 |
|
|
|a Dhaka, Bangladesh :
|b ARCASIA,
|c c2010
|
| 300 |
|
|
|a 301 pages :
|b chiefly illustrations (mostly color), color maps ;
|c 29 cm
|
| 362 |
|
|
|a Vol. Two
|
| 500 |
|
|
|a "October 2010'--T.p. verso.
|
| 526 |
|
|
|a ARC
|
| 541 |
|
|
|e 33153, 33154, 33155
|a ARCASIA Heritage Book
|
| 650 |
|
|
|a Architecture
|z Asia
|9 26015
|
| 650 |
|
|
|a Architecture
|9 26016
|
| 700 |
|
|
|a Ahmed, Abu Sayeed M.
|9 26017
|
| 710 |
|
|
|a Architects Regional Council, Asia
|9 26018
|
| 852 |
|
|
|a Ayesha Abed Library
|c General Stacks
|
| 942 |
|
|
|2 ddc
|c BK
|
| 952 |
|
|
|0 0
|1 0
|2 ddc
|4 0
|6 720_950000000000000_ARC
|7 0
|9 63433
|a BRACUL
|b BRACUL
|c GEN
|d 2018-05-27
|e ARCASIA Heritage Book
|g 4000.00
|l 0
|o 720.95 ARC
|p 3010033153
|r 2018-05-27
|t 1
|v 4000.00
|w 2018-05-27
|y BK
|
| 952 |
|
|
|0 0
|1 0
|2 ddc
|4 0
|6 720_950000000000000_ARC
|7 0
|9 63434
|a BRACUL
|b BRACUL
|c GEN
|d 2018-05-27
|e ARCASIA Heritage Book
|g 4000.00
|l 1
|o 720.95 ARC
|p 3010033154
|r 2020-03-08
|s 2020-03-03
|t 2
|v 4000.00
|w 2018-05-27
|y BK
|
| 952 |
|
|
|0 0
|1 0
|2 ddc
|4 0
|6 720_950000000000000_ARC
|7 0
|9 63435
|a BRACUL
|b BRACUL
|c GEN
|d 2018-05-27
|e ARCASIA Heritage Book
|g 4000.00
|l 0
|o 720.95 ARC
|p 3010033155
|r 2018-05-27
|t 3
|v 4000.00
|w 2018-05-27
|y BK
|